Japanese Prefectures in Regions - Statistics

General Stats
  • This quiz has been taken 1,826 times
  • The average score is 30 of 47
Answer Stats
Prefecture % Correct
Tōkyō
93%
Hokkaidō
91%
Ōsaka
86%
Kyōto
85%
Hiroshima
82%
Nagasaki
80%
Fukushima
77%
Chiba
75%
Aomori
73%
Fukuoka
73%
Okinawa
71%
Saitama
71%
Akita
68%
Nara
66%
Miyagi
65%
Kanagawa
64%
Niigata
64%
Gunma
63%
Iwate
63%
Nagano
63%
Mie
62%
Yamagata
62%
Ehime
60%
Gifu
60%
Ibaraki
59%
Kagoshima
59%
Tottori
59%
Aichi
58%
Miyazaki
58%
Okayama
58%
Wakayama
58%
Hyōgo
57%
Kumamoto
57%
Ōita
57%
Saga
57%
Shizuoka
57%
Yamaguchi
57%
Kagawa
56%
Tochigi
56%
Yamanashi
56%
Fukui
55%
Kōchi
55%
Tokushima
53%
Toyama
53%
Ishikawa
52%
Shimane
52%
Shiga
51%
No matching quizzes found
Score Distribution
Percent of People with Each Score
Percentile by Number Answered
Your Score History
You have not taken this quiz